Music Quiz

Random Music or Artist Quiz

Musicians by Russian Doll Quiz Stats

 Plays Quiz Updated Jul 5, 2017

Support Sporcle.
Go Orange.
Score 0/22 Timer 07:00
2 Plays Today
% Correct
The Beatles
98.8%
Prince
97.8%
Elvis Presley
97.7%
Michael Jackson
97.2%
David Bowie
94.9%
Bob Marley
94.8%
Britney Spears
92.6%
The Rolling Stones
92.2%
KISS
91.1%
Katy Perry
91%
Lady Gaga
90.6%
% Correct
Beyoncé
89.3%
Justin Bieber
89.3%
Bono
87.9%
Rihanna
85.3%
Jimi Hendrix
84.8%
ABBA
82.3%
Taylor Swift
78.9%
Psy
73%
AC/DC
62.1%
The Doors
60.1%
Metallica
56.3%

You're not logged in!

Compare scores with friends on all Sporcle quizzes.
OR
Log In
Forgot?

From the Vault

Almost Useless Trivia V

by westockthelot

This quiz is perfect for those whose knowledge is a mile wide, but only an inch deep.
Remove Ads.
Support Sporcle.
Get the best of Sporcle when you Go Orange. This ad-free experience offers more features, more stats, and more fun while also helping to support Sporcle. Thank you for becoming a member.

Show Comments

Extras

Top Quizzes Today


Score Distribution

Your Account Isn't Verified!

In order to create a playlist on Sporcle, you need to verify the email address you used during registration. Go to your Sporcle Settings to finish the process.

Report this User

Report this user for behavior that violates our Community Guidelines.

Details: